000 00878nam a2200205Ia 4500
003 GCL
008 140319s9999 xx 000 0 ara d
040 _aGCL /
_cGCL
082 0 4 _a416
_bط ك
100 1 _aابن طباطبا : ابوالحسن محمد ابن احمد ابن محمد ابن احمد ابن ابراهيم الحسنى العلوى
245 1 0 _aكتاب عيار الشعر /
_cابن طباطبا : ابوالحسن محمد ابن احمد ابن محمد ابن احمد ابن ابراهيم الحسنى العلوى
700 1 _aعبدالعزيز بن ناصر المانع
260 _aالقاهرة :
_bمكتبة الخانجى
300 _a268 ص ؛
_c25 سم
650 0 4 _aالشعر العربى
650 0 4 _aالادب العربى
650 0 4 _aالعروض والقوافى
650 0 4 _aتاريخ ونقد
942 _2ddc
_cBK
999 _c36877
_d36877